000 00612nam a22001817a 4500
005 20241012062519.0
999 _c19380
_d19380
008 240227b ||||| |||| 00| 0 eng d
020 _a9781119983699
082 _aDC 519.50285536
_bSch569
_22023
100 _aSchmuller, Joseph,
_eauthor.
_953425
245 _aR :
_ball-in-one for dummies /
_cJoseph Schmuller.
260 _aCanada :
_bJohn Wiley & Sons, Inc.,
_c©2023.
300 _axvi, 668 pages :
_billustrations ;
_c23 cm.
500 _aIncludes index.
650 0 _aR (Computer program language).
_944357
650 _aStatistics
_xData processing.
_953474
942 _2ddc
_cDC